[Event "Ponts U12 Lleida-ch"]
[Site "Ponts"]
[Date "2013.01.26"]
[Round "1.5"]
[White "Canales Ros, Albert"]
[Black "Gone Palomars, Jon"]
[Result "1-0"]
[WhiteElo "1702"]
[BlackElo "1700"]
[PlyCount "77"]
[EventDate "2013.01.26"]
[EventType "swiss"]
[EventRounds "6"]
[EventCountry "ESP"]
[SourceTitle "EXT 2024"]
[Source "ChessBase"]
[SourceDate "2023.10.10"]
[SourceVersion "1"]
[SourceVersionDate "2023.10.10"]
[SourceQuality "1"]

1. d4 d5 2. c4 Nc6 3. Nc3 e6 4. Nf3 Bb4 5. a3 Bxc3+ 6. bxc3 dxc4 7. Bf4 h6 8. e3 b5 9. a4 Ba6 10. Rb1 bxa4 11. Qxa4 Nge7 12. Qxa6 Rb8 13. Rd1 Rb6 14. Qxc4 0-0 15. g3 Na5 16. Bxc7 Nxc4 17. Bxd8 Rxd8 18. Bxc4 Rc8 19. Ne5 f6 20. Nd7 Rb2 21. Nc5 Nd5 22. Rd2 Rb1+ 23. Rd1 Nxc3 24. Rxb1 Nxb1 25. Bxe6+ Kf8 26. Bxc8 a5 27. Ke2 Nc3+ 28. Kd3 a4 29. Kxc3 a3 30. d5 a2 31. d6 a1Q+ 32. Rxa1 g5 33. Ra7 Ke8 34. Ne6 f5 35. d7+ Kf7 36. d8Q+ Kg6 37. Qe8+ Kf6 38. Kd4 f4 39. Qf7# 1-0

[Event "Ponts U12 Lleida-ch"]
[Site "Ponts"]
[Date "2013.01.26"]
[Round "2.4"]
[White "Monyarch Iniguez, Guillem"]
[Black "Canales Ros, Albert"]
[Result "0-1"]
[WhiteElo "1700"]
[BlackElo "1702"]
[PlyCount "46"]
[EventDate "2013.01.26"]
[EventType "swiss"]
[EventRounds "6"]
[EventCountry "ESP"]
[SourceTitle "EXT 2024"]
[Source "ChessBase"]
[SourceDate "2023.10.10"]
[SourceVersion "1"]
[SourceVersionDate "2023.10.10"]
[SourceQuality "1"]

1. e4 e5 2. Nf3 Nc6 3. Nc3 Nf6 4. Bc4 Nxe4 5. Nxe5 Nxe5 6. Nxe4 d5 7. d4 Nxc4 8. Nc3 Bb4 9. Qe2+ Be6 10. 0-0 0-0 11. Qf3 g6 12. Qg3 Re8 13. Bg5 Qd6 14. Qh4 Bf5 15. Rae1 Bxc2 16. Bf4 Qd7 17. Qf6 Qf5 18. Bg5 Qxf6 19. Bxf6 Bd3 20. Rxe8+ Rxe8 21. Rd1 Re6 22. Nxd5 Ba5 23. Rxd3 Re1# 0-1

[Event "Catalunya-ch U10"]
[Site "Vilaseca"]
[Date "2011.04.16"]
[Round "1.1"]
[White "Jausas Lopez, Andrea"]
[Black "Canales Ros, Albert"]
[Result "1-0"]
[WhiteElo "1876"]
[BlackElo "1700"]
[PlyCount "39"]
[EventDate "2011.04.16"]
[EventType "swiss"]
[EventRounds "8"]
[EventCountry "ESP"]
[SourceTitle "EXT 2024"]
[Source "ChessBase"]
[SourceDate "2023.10.10"]
[SourceVersion "1"]
[SourceVersionDate "2023.10.10"]
[SourceQuality "1"]

1. e4 e5 2. Nf3 Nc6 3. d4 d6 4. Bb5 Bd7 5. Bxc6 Bxc6 6. dxe5 Bxe4 7. 0-0 Bxf3 8. Qxf3 dxe5 9. Qxb7 Nf6 10. Qc6+ Nd7 11. Rd1 Bd6 12. Nc3 0-0 13. Ne4 Nf6 14. Bg5 Qb8 15. Nxf6+ gxf6 16. Bxf6 h6 17. Qf3 Kh7 18. Qf5+ Kg8 19. Qg4+ Kh7 20. Qg7# 1-0